000 00348nam a2200133Ia 4500
008 260210s9999 xx 000 0 und d
024 _a14B-045-BS
082 _a005.215072 UBA
100 _aUbaid Ur Rehman
245 0 _aHealth Cloud
260 _aKarachi:
_bUITU,
_c2015
600 _aComputer Science
650 _aBachelor of Computer Science (BS)
999 _c32391
_d32391